[Event "XXII Campeonato de España de l"]
[Site "Benidorm (Alicante-España)"]
[Date "2010.11.21"]
[Round "8"]
[White "Sanz Garcia, Ramon"]
[Black "Salas Rasillas, Concepcion"]
[Result "1-0"]
[WhiteElo "1628"]
[BlackElo "1825"]
[PlyCount "77"]
[EventDate "2010.11.14"]
[EventRounds "8"]
[EventCountry "ESP"]

1. e4 c5 2. Nf3 e6 3. d4 cxd4 4. Nxd4 a6 5. Nc3 Qc7 6. Be2 Nf6 7. a3 Nc6 8. Be3
Be7 9. O-O O-O 10. Kh1 d6 11. f4 Bd7 12. Nb3 Rad8 13. Qe1 Bc8 14. Rd1 b5 15.
Bf3 Bb7 16. Qf2 Nd7 17. g4 Rde8 18. Rg1 Nc5 19. Nxc5 dxc5 20. Ne2 e5 21. f5 Nd4
22. c3 Nxf3 23. Qxf3 Rd8 24. Ng3 Qc6 25. g5 Rfe8 26. f6 Rxd1 27. Rxd1 gxf6 28.
gxf6 Bxf6 29. Rf1 Re6 30. Kg1 Qc7 31. Nf5 Bg7 32. Rf2 Rg6+ 33. Rg2 c4 34. h4
Qd7 35. h5 Rxg2+ 36. Kxg2 Qe6 37. Qg4 Qf6 38. h6 Qg6 39. Ne7+ 1-0

[Event "XXII Campeonato de España de l"]
[Site "Benidorm (Alicante-España)"]
[Date "2010.11.21"]
[Round "8"]
[White "Suarez Hernandez, Francisco"]
[Black "Lago Carballo, Carmen"]
[Result "1-0"]
[WhiteElo "1658"]
[BlackElo "1416"]
[PlyCount "45"]
[EventDate "2010.11.14"]
[EventRounds "8"]
[EventCountry "ESP"]

1. e4 d5 2. exd5 Qxd5 3. Nc3 Qa5 4. d4 c6 5. Nf3 Bf5 6. Bd2 Qc7 7. Bc4 e6 8.
Ne2 Nf6 9. Ng3 Bg6 10. Nh4 Nbd7 11. Be3 Be7 12. Nf3 Ng4 13. Bd3 Nxe3 14. fxe3
Nf6 15. Ne5 Bxd3 16. Qxd3 Nd5 17. c4 Nb4 18. Qd2 Qa5 19. O-O O-O 20. a3 f6 21.
Nd3 c5 22. axb4 Qc7 23. bxc5 1-0

[Event "XXII Campeonato de España de l"]
[Site "Benidorm (Alicante-España)"]
[Date "2010.11.21"]
[Round "8"]
[White "Fuster Agullo, Juan"]
[Black "Bravo De Los Santos, Francisco"]
[Result "1-0"]
[WhiteElo "1799"]
[BlackElo "1877"]
[PlyCount "83"]
[EventDate "2010.11.14"]
[EventRounds "8"]
[EventCountry "ESP"]

1. e4 g6 2. d4 Bg7 3. f4 c6 4. c4 d5 5. cxd5 cxd5 6. e5 h5 7. Nf3 Nh6 8. Bd3
Bf5 9. O-O e6 10. Ng5 Nc6 11. Bb5 O-O 12. Bxc6 bxc6 13. Bd2 Qb6 14. Bc3 c5 15.
dxc5 Qxc5+ 16. Qd4 Qxd4+ 17. Bxd4 Rfc8 18. Nc3 Bd3 19. Rfc1 Nf5 20. Bf2 a5 21.
Rd1 Ba6 22. Na4 Bf8 23. Nb6 d4 24. Nxa8 Rxa8 25. Nf3 d3 26. Nd4 Nxd4 27. Bxd4
Rc8 28. Rac1 Rc2 29. Rxc2 dxc2 30. Rc1 Bd3 31. Kf2 Bb4 32. Ke3 Bf5 33. a3 Be7
34. Bb6 a4 35. Kd2 f6 36. Rxc2 Bxc2 37. Kxc2 fxe5 38. fxe5 Bg5 39. h3 Bf4 40.
Bd4 Kf7 41. Kc3 Ke7 42. Kb4 1-0